000 00211nam a2200085Ia 4500
008 220204s9999 xx 000 0 und d
245 0 _aRules of games and sports
260 _aNew Delhi
_bYMCA Pub
_c1960
942 _cBK
999 _c24678
_d24678